| 000 | 00829nam a2200253 a 4500 | ||
|---|---|---|---|
| 001 | BRCA_8290 | ||
| 005 | 20190320210219.0 | ||
| 008 | 130614s1962----enka###f##---#001-0#eng-# | ||
| 041 | _aeng | ||
| 044 | _aenk | ||
| 050 | 4 |
_aNK5015 _b.G37 2 1962 |
|
| 100 | 1 |
_aGarner, Harry Mason _cSir _99383 |
|
| 245 | 1 | 0 |
_aChinese and Japanese cloisonné enamels _cby Sir Harry Garner. |
| 260 |
_aLondres _bFaber & Faber _c1962 |
||
| 300 |
_a120 p. _bil. (algunas a color), 94 láminas _c25 cm. |
||
| 500 | _aIncluye índice de autores, índice de materias, apéndice y 6 láminas a color numeradas alfabéticamente | ||
| 500 | _aEjemplar igual a B290 | ||
| 500 | _aS88 | ||
| 504 | _aBibliografía: p. 114-116 | ||
| 650 | 1 | 4 |
_aEsmalte horneado _zChina _99384 |
| 650 | 1 | 4 |
_aEsmalte horneado _zJapón _99385 |
| 902 | _aGFM | ||
| 942 |
_2lcc _cB |
||
| 999 |
_c7958 _d7958 |
||